[Event "IECC Swiss-484.4"]
[Site "IECC email"]
[Date "2006.05.12"]
[Round "?"]
[White "Clark, Ted"]
[Black "Blackman, Leon"]
[Result "1/2-1/2"]
[WhiteElo "1364"]
[BlackElo "1645"]
[PlyCount "98"]
[EventDate "2006.??.??"]
[EventType "swiss (corr)"]
[EventRounds "1"]
[SourceTitle "Corr 2008"]
[Source "ChessBase"]
[SourceDate "2008.06.24"]
[SourceVersion "1"]
[SourceVersionDate "2008.06.24"]
[SourceQuality "1"]

1. d4 Nf6 2. c4 e6 3. Nf3 c5 4. e3 d5 5. cxd5 Nxd5 6. Nc3 Nc6 7. Bd3 Be7 8. 0-0 0-0 9. Re1 b6 10. Nxd5 exd5 11. dxc5 bxc5 12. e4 Be6 13. Bf4 dxe4 14. Bxe4 Qxd1 15. Raxd1 Rac8 16. a3 h6 17. h3 Rfe8 18. Rc1 Nd4 19. Nxd4 cxd4 20. Be5 Rxc1 21. Rxc1 Rd8 22. Rc7 Bf6 23. Bxf6 gxf6 24. Bd3 a5 25. b4 axb4 26. axb4 Ra8 27. b5 Ra3 28. b6 Bd5 29. Bc4 Ra1+ 30. Kh2 Bxc4 31. Rc8+ Kg7 32. b7 Rb1 33. b8Q Rxb8 34. Rxb8 Be2 35. f3 d3 36. Rb2 Bd1 37. Rb4 Bc2 38. Rd4 f5 39. Kg3 Kf6 40. Kf4 h5 41. Ke3 Kg5 42. g3 Kg6 43. Rd6+ Kg7 44. Kf4 f6 45. Ke3 Kg6 46. f4 Kg7 47. Rd8 Kg6 48. h4 Kg7 49. Kd2 Kg6 1/2-1/2

[Event "IECG CE.2006.0.00094 email"]
[Site "IECG email"]
[Date "2006.04.02"]
[Round "1"]
[White "Clark, Ted"]
[Black "Ornek, Ozer"]
[Result "0-1"]
[WhiteElo "1360"]
[BlackElo "1367"]
[PlyCount "51"]
[EventDate "2006.04.02"]
[EventType "tourn (corr)"]
[EventRounds "6"]
[SourceTitle "Corr 2008"]
[Source "ChessBase"]
[SourceDate "2008.06.24"]
[SourceVersion "1"]
[SourceVersionDate "2008.06.24"]
[SourceQuality "1"]

1. c4 e5 2. Nc3 Nf6 3. g3 Bc5 4. Bg2 0-0 5. e3 Nc6 6. Nge2 a6 7. 0-0 d6 8. a3 Ba7 9. d4 Bf5 10. b4 Qd7 11. d5 Ne7 12. e4 Bg6 13. h3 Ne8 14. Kh2 f5 15. f4 Nf6 16. Qc2 fxe4 17. Nxe4 Nxe4 18. Bxe4 Rae8 19. Bxg6 Nxg6 20. Bb2 exf4 21. Nxf4 Nxf4 22. gxf4 Re3 23. Qg2 Rfe8 24. Rf2 Rd3 25. Rf3 Rxf3 26. Qxf3 0-1

[Event "IECC CL6-2005.20 email"]
[Site "IECC email"]
[Date "2006.01.02"]
[Round "?"]
[White "Clark, Ted"]
[Black "Detain, Tom"]
[Result "1-0"]
[WhiteElo "1350"]
[BlackElo "1198"]
[PlyCount "65"]
[EventDate "2006.??.??"]
[EventType "tourn (corr)"]
[EventRounds "4"]
[SourceTitle "Corr 2020"]
[Source "ChessBase"]
[SourceDate "2019.09.30"]
[SourceVersion "1"]
[SourceVersionDate "2019.09.30"]
[SourceQuality "1"]
[WhiteTeam "United States"]
[BlackTeam "England"]
[WhiteTeamCountry "USA"]
[BlackTeamCountry "ENG"]

1. e4 c5 2. Nf3 Nc6 3. d3 g6 4. g3 Bg7 5. Bg2 e6 6. 0-0 Qf6 7. Nc3 h6 8. Nd2 Nge7 9. Nc4 0-0 10. f4 e5 11. fxe5 Qe6 12. Nb5 Bxe5 13. Nxe5 Qxe5 14. Bxh6 Rd8 15. Qf3 f5 16. c3 a6 17. Bf4 Qf6 18. Nc7 Ra7 19. Nd5 Nxd5 20. exd5 Ne5 21. Qe3 d6 22. Bg5 Qf8 23. h3 Re8 24. Rae1 Bd7 25. d4 Nc4 26. Qf2 b6 27. b3 Na5 28. dxc5 bxc5 29. Rxe8 Bxe8 30. Re1 Ra8 31. Re7 Rb8 32. Qf4 Nb7 33. Qh4 1-0

[Event "IECC CL6-2005.03 email"]
[Site "IECC email"]
[Date "2005.02.07"]
[Round "?"]
[White "Hughes, John"]
[Black "Clark, Ted"]
[Result "0-1"]
[WhiteElo "1300"]
[BlackElo "1179"]
[PlyCount "34"]
[EventDate "2005.??.??"]
[EventType "tourn (corr)"]
[EventRounds "4"]
[SourceTitle "Corr 2020"]
[Source "ChessBase"]
[SourceDate "2019.09.30"]
[SourceVersion "1"]
[SourceVersionDate "2019.09.30"]
[SourceQuality "1"]
[WhiteTeam "Ireland"]
[BlackTeam "United States"]
[WhiteTeamCountry "IRL"]
[BlackTeamCountry "USA"]

1. c4 e6 2. Nf3 Nf6 3. g3 d5 4. Bg2 Be7 5. 0-0 0-0 6. d4 dxc4 7. Ne5 Nc6 8. Nxc6 bxc6 9. Na3 Bxa3 10. bxa3 Ba6 11. Bxc6 Rb8 12. Bg5 h6 13. Bxf6 Qxf6 14. Qa4 Rb6 15. e3 e5 16. Bd5 c3 17. Rfc1 Rb2 0-1

[Event "IECG CE.2004.0.00079 email"]
[Site "IECG email"]
[Date "2004.11.17"]
[Round "?"]
[White "Clark, Ted"]
[Black "Davies, Stephen"]
[Result "1-0"]
[WhiteElo "1393"]
[BlackElo "1218"]
[PlyCount "59"]
[EventDate "2004.11.17"]
[EventType "tourn (corr)"]
[EventRounds "6"]
[SourceTitle "Corr 2008"]
[Source "ChessBase"]
[SourceDate "2008.06.24"]
[SourceVersion "1"]
[SourceVersionDate "2008.06.24"]
[SourceQuality "1"]

1. d4 Nf6 2. c4 e6 3. Nf3 b6 4. a3 Bb7 5. Nc3 d5 6. cxd5 Nxd5 7. Bd2 Nd7 8. Qc2 c5 9. e4 Nxc3 10. Bxc3 cxd4 11. Nxd4 a6 12. g3 Qc7 13. Bg2 Bc5 14. Nb3 0-0 15. Nxc5 Nxc5 16. 0-0 Rac8 17. Rac1 Rfd8 18. Rfd1 Rxd1+ 19. Rxd1 Rd8 20. Rxd8+ Qxd8 21. f3 Bc6 22. b4 Nd3 23. Bf1 Bb5 24. a4 Bc4 25. Bxg7 b5 26. Bc3 bxa4 27. Qxa4 Qb6+ 28. Kh1 Bb5 29. Qa5 Qc6 30. Qd8+ 1-0

[Event "CFriend AT-2004-0-00045 email"]
[Site "Chessfriend.com"]
[Date "2004.04.13"]
[Round "1"]
[White "Clark, Ted"]
[Black "Achermann, Josef"]
[Result "1-0"]
[WhiteElo "1388"]
[BlackElo "1687"]
[PlyCount "61"]
[EventDate "2004.??.??"]
[EventType "tourn (corr)"]
[EventRounds "2"]
[SourceTitle "Corr 2024"]
[Source "ChessBase"]
[SourceDate "2023.10.19"]
[SourceVersion "1"]
[SourceVersionDate "2023.10.19"]
[SourceQuality "1"]

1. d4 b6 2. e4 e6 3. c4 Bb7 4. Bd3 Nc6 5. Ne2 Nb4 6. Nbc3 Nxd3+ 7. Qxd3 Ne7 8. 0-0 d6 9. d5 Qd7 10. Be3 Ng6 11. f4 Be7 12. Bd4 e5 13. fxe5 Nxe5 14. Qg3 Bf6 15. a4 a5 16. Nb5 Ba6 17. Rf5 Qe7 18. Raf1 Rd8 19. b3 Bc8 20. Rxf6 gxf6 21. Qg7 Kd7 22. Ng3 Rdg8 23. Qxf6 Qxf6 24. Rxf6 Rf8 25. Bxe5 dxe5 26. Rc6 Kd8 27. Rxc7 f5 28. exf5 Bxf5 29. Rb7 Bc2 30. Na7 Bxb3 31. Ne4 1-0

[Event "IECC CL8-2004.05 email"]
[Site "IECC email"]
[Date "2004.04.12"]
[Round "?"]
[White "Clark, Ted"]
[Black "Hintze, Russell P"]
[Result "1-0"]
[WhiteElo "1029"]
[BlackElo "988"]
[PlyCount "65"]
[EventDate "2004.??.??"]
[EventType "tourn (corr)"]
[EventRounds "4"]
[SourceTitle "Corr 2008"]
[Source "ChessBase"]
[SourceDate "2008.06.24"]
[SourceVersion "1"]
[SourceVersionDate "2008.06.24"]
[SourceQuality "1"]

1. d4 Nf6 2. c4 g6 3. Nc3 Bg7 4. e4 d6 5. Nf3 0-0 6. Be2 e5 7. 0-0 Nc6 8. d5 Ne7 9. b4 Nh5 10. Re1 Nf4 11. Bf1 a5 12. bxa5 Rxa5 13. a4 c5 14. Nb5 Bg4 15. h3 Bxf3 16. Qxf3 f5 17. Bd2 Ra8 18. a5 fxe4 19. Qxe4 Nf5 20. Ra3 Bh6 21. Qc2 Nd4 22. Nxd4 cxd4 23. g3 Nxh3+ 24. Bxh3 Bxd2 25. Qxd2 Qf6 26. Be6+ Kh8 27. Rb1 Qe7 28. Rab3 Ra7 29. Rb6 Qc7 30. Qb4 Rb8 31. a6 d3 32. Rxd6 d2 33. Rd7 1-0

[Event "IECC CL8-2004.05 email"]
[Site "IECC email"]
[Date "2004.04.12"]
[Round "?"]
[White "Smeulders, Thomas"]
[Black "Clark, Ted"]
[Result "0-1"]
[WhiteElo "872"]
[BlackElo "1019"]
[PlyCount "56"]
[EventDate "2004.??.??"]
[EventType "tourn (corr)"]
[EventRounds "4"]
[SourceTitle "Corr 2008"]
[Source "ChessBase"]
[SourceDate "2008.06.24"]
[SourceVersion "1"]
[SourceVersionDate "2008.06.24"]
[SourceQuality "1"]

1. e4 c5 2. e5 Nc6 3. f4 d6 4. Nf3 Bg4 5. h3 Bxf3 6. Qxf3 Qb6 7. Bc4 dxe5 8. Rf1 Nd4 9. Qe4 Nf6 10. Qd3 e4 11. Qc3 e6 12. d3 0-0-0 13. Be3 exd3 14. cxd3 Qc6 15. Rf2 Nf5 16. Qd2 Ne4 17. dxe4 Rxd2 18. Nxd2 Nxe3 19. Ke2 Nxc4 20. b3 Nxd2 21. Kxd2 c4 22. Rc1 Bb4+ 23. Ke3 Bc5+ 24. Kf3 Bxf2 25. Kxf2 c3 26. e5 Rd8 27. a4 Rd2+ 28. Ke1 Qe4+ 0-1

[Event "CFriend AP-2004-Q-00010 email"]
[Site "Chessfriend.com"]
[Date "2004.04.09"]
[Round "?"]
[White "Zednik, Martin"]
[Black "Clark, Ted"]
[Result "1-0"]
[WhiteElo "1916"]
[BlackElo "1400"]
[PlyCount "43"]
[EventDate "2004.??.??"]
[EventType "tourn (corr)"]
[EventRounds "12"]
[SourceTitle "Corr 2008"]
[Source "ChessBase"]
[SourceDate "2008.06.24"]
[SourceVersion "1"]
[SourceVersionDate "2008.06.24"]
[SourceQuality "1"]

1. e4 e6 2. d4 d5 3. Nc3 Bb4 4. e5 Ne7 5. a3 Bxc3+ 6. bxc3 c5 7. Nf3 Bd7 8. a4 Qa5 9. Bd2 Nbc6 10. Bb5 c4 11. 0-0 Nb8 12. Qb1 Qc7 13. Bg5 Nf5 14. Nh4 Nxh4 15. Bxh4 a6 16. Qb4 Bc6 17. Rfb1 axb5 18. axb5 Rxa1 19. Rxa1 f5 20. exf6 gxf6 21. bxc6 Nxc6 22. Ra8+ 1-0

[Event "IECC CL8-2003.26 email"]
[Site "IECC email"]
[Date "2003.12.14"]
[Round "?"]
[White "Smeulders, Thomas"]
[Black "Clark, Ted"]
[Result "0-1"]
[WhiteElo "837"]
[BlackElo "992"]
[PlyCount "26"]
[EventDate "2003.??.??"]
[EventType "tourn (corr)"]
[EventRounds "4"]
[SourceTitle "Corr 2008"]
[Source "ChessBase"]
[SourceDate "2008.06.24"]
[SourceVersion "1"]
[SourceVersionDate "2008.06.24"]
[SourceQuality "1"]

1. e4 c5 2. c4 Nc6 3. Nf3 e6 4. e5 d6 5. Qe2 dxe5 6. Nxe5 Nd4 7. Qd3 Nf6 8. f4 Bd6 9. g4 Bxe5 10. fxe5 Nxg4 11. h3 Qh4+ 12. Kd1 Nf2+ 13. Ke1 Nxd3+ 0-1